000 00380nam a22001697a 4500
005 20160630164628.0
008 160630b xxu||||| |||| 00| 0 eng d
020 _a976-0-07-462400-5
041 _aeng
082 _b20115
100 _aSen PC
_93332
245 _aPower Electronic
260 _bTMH
_c2013
300 _a1017
650 _aDiploma Engineering
_9817
942 _cBK
999 _c4979
_d4977